<?xml version="1.0" encoding="UTF-8"?>
<record
    xmlns:xsi="http://www.w3.org/2001/XMLSchema-instance"
    xsi:schemaLocation="http://www.loc.gov/MARC21/slim http://www.loc.gov/standards/marcxml/schema/MARC21slim.xsd"
    xmlns="http://www.loc.gov/MARC21/slim">

  <leader>00884na  a2200229   4500</leader>
  <controlfield tag="001">23950</controlfield>
  <controlfield tag="003">MIRAKIL</controlfield>
  <controlfield tag="005">20181213155324.0</controlfield>
  <controlfield tag="008">180126b        tu            000 0      </controlfield>
  <datafield tag="040" ind1=" " ind2=" ">
    <subfield code="a">Milas</subfield>
    <subfield code="b">tur</subfield>
    <subfield code="c">TR-AnCHP</subfield>
  </datafield>
  <datafield tag="041" ind1=" " ind2=" ">
    <subfield code="a">tur</subfield>
    <subfield code="a">eng</subfield>
  </datafield>
  <datafield tag="082" ind1=" " ind2=" ">
    <subfield code="a">320.9561</subfield>
    <subfield code="b">O51 2016</subfield>
  </datafield>
  <datafield tag="090" ind1=" " ind2=" ">
    <subfield code="a">320.9561 O51 2016</subfield>
  </datafield>
  <datafield tag="245" ind1=" " ind2=" ">
    <subfield code="a">15 Temmuz demokrasinin zaferi 'emek' = 15 July victory of democracy 'labour'</subfield>
    <subfield code="c">T&#xFC;rkiye &#x130;&#x15F;&#xE7;i Sendikalar&#x131; Konfederasyonu (T&#xDC;RK-&#x130;&#x15E;)</subfield>
  </datafield>
  <datafield tag="260" ind1=" " ind2=" ">
    <subfield code="a">Ankara</subfield>
    <subfield code="b">T&#xFC;rkiye &#x130;&#x15F;&#xE7;i Sendikalar&#x131; Konfederasyonu (T&#xDC;RK-&#x130;&#x15E;)</subfield>
    <subfield code="c">2016</subfield>
    <subfield code="f">Ziraat Grup Matbaac&#x131;l&#x131;k</subfield>
  </datafield>
  <datafield tag="300" ind1=" " ind2=" ">
    <subfield code="a">183 s.</subfield>
    <subfield code="b">fot&#x11F;.</subfield>
    <subfield code="c">27 sm.</subfield>
  </datafield>
  <datafield tag="500" ind1=" " ind2=" ">
    <subfield code="a">Metinler T&#xFC;rk&#xE7;e-&#x130;ngilizce kar&#x15F;&#x131;l&#x131;kl&#x131;d&#x131;r.</subfield>
  </datafield>
  <datafield tag="650" ind1=" " ind2=" ">
    <subfield code="a">15 Temmuz darbe giri&#x15F;imi</subfield>
    <subfield code="x">T&#xFC;rkiye</subfield>
  </datafield>
  <datafield tag="650" ind1=" " ind2=" ">
    <subfield code="a">Siyaset ve y&#xF6;netim</subfield>
    <subfield code="x">T&#xFC;rkiye, 2016</subfield>
  </datafield>
  <datafield tag="710" ind1=" " ind2=" ">
    <subfield code="a">T&#xFC;rkiye &#x130;&#x15F;&#xE7;i Sendikalar&#x131; Konfederasyonu (T&#xDC;RK-&#x130;&#x15E;)</subfield>
  </datafield>
  <datafield tag="942" ind1=" " ind2=" ">
    <subfield code="2">ddc</subfield>
    <subfield code="c">BKS</subfield>
  </datafield>
  <datafield tag="952" ind1=" " ind2=" ">
    <subfield code="a">0001</subfield>
    <subfield code="b">0001</subfield>
    <subfield code="d">2018-01-26</subfield>
    <subfield code="e">2</subfield>
    <subfield code="l">0</subfield>
    <subfield code="o">320.9561 O51 2016</subfield>
    <subfield code="p">017943</subfield>
    <subfield code="r">2018-01-26 00:00:00</subfield>
    <subfield code="v">0.00</subfield>
    <subfield code="w">2018-01-26</subfield>
    <subfield code="y">BKS</subfield>
  </datafield>
  <datafield tag="999" ind1=" " ind2=" ">
    <subfield code="c">10519</subfield>
    <subfield code="d">10519</subfield>
  </datafield>
</record>
